States that voted for Harris (Democrat) in 2024 - Statistics

General Stats
  • This quiz has been taken 62 times
  • The average score is 18 of 20
Answer Stats
% for
Harris
State % Correct
57% California
100%
55% New York
96%
56% Connecticut
94%
61% Massachusetts
94%
51% New Hampshire
94%
55% Oregon
94%
59% Washington
94%
90% Washington D.C.
94%
52% Maine
92%
57% Delaware
90%
61% Hawaii
90%
53% Illinois
90%
60% Maryland
90%
64% Vermont
90%
51% Minnesota
88%
52% New Jersey
88%
56% Rhode Island
88%
52% Virginia
88%
55% Colorado
83%
52% New Mexico
73%
No matching quizzes found
Score Distribution
Percent of People with Each Score
Percentile by Number Answered
Your Score History
You have not taken this quiz